[Event "Top 16 Groupe A"]
[Site "CHARTRES, France"]
[Date "2024.05.31"]
[Round "2.6"]
[White "Girel, Joseph"]
[Black "Vitoux, Colomban"]
[Result "1-0"]
[WhiteElo "2474"]
[BlackElo "2374"]
[PlyCount "91"]
[EventDate "2024.??.??"]

1. e4 {2} e6 {145} 2. d4 {28} d5 {9} 3. e5 {112} c5 {10} 4. c3 {6} Qa5 {19} 5.
dxc5 {118} Qc7 {112} 6. Nf3 {167} Nd7 {375} 7. b4 {453} Nxe5 {159} 8. Nxe5 {153
} Qxe5+ {3} 9. Be3 {7} Nf6 {69} 10. Bb5+ {432} Bd7 {67} 11. a4 {131} Be7 {426}
12. O-O {33} O-O {104} 13. Re1 {521} Qc7 {167} 14. Nd2 {311} b6 {506} 15. Nb3 {
608} Bxb5 {1938} 16. axb5 {55} Ne4 {28} 17. f3 {365} Nxc3 {98} 18. Qd3 {2} d4 {
54} 19. Bxd4 {424} Nd5 {60} 20. Qc4 {23} Rfc8 {290} 21. Be5 {258} Bd6 {90} 22.
Bxd6 {47} Qxd6 {2} 23. Rac1 {234} Qf4 {228} 24. Re4 {212} Qg5 {14} 25. c6 {53}
Nc7 {293} 26. Nd4 {182} Rd8 {37} 27. h4 {479} Qd2 {221} 28. Rc2 {183} Qd1+ {44}
29. Kh2 {6} Rd5 {76} 30. Qc3 {47} Qf1 {325} 31. Rc1 {463} Nxb5 {56} 32. Qe3 {80
} Qxc1 {66} 33. Qxc1 {2} Nxd4 {220} 34. c7 {70} Rc8 {14} 35. Rxd4 {56} Rxd4 {2}
36. Qc6 {6} h5 {111} 37. Qb7 {159} Rxc7 {4} 38. Qb8+ {3} Kh7 {25} 39. Qxc7 {2}
Rxh4+ {106} 40. Kg3 Rxb4 {12} 41. Qxf7 {21} Rb5 {629} 42. Qxe6 {131} Rg5+ {31}
43. Kh3 {61} Ra5 {394} 44. f4 {46} Ra1 {591} 45. Kh4 {287} Rf1 {117} 46. Qf5+ {
58} 1-0

[Event "Top 16 Groupe A"]
[Site "CHARTRES, France"]
[Date "2024.05.31"]
[Round "2.7"]
[White "Migot, Tangi"]
[Black "Degraeve, Remy"]
[Result "1/2-1/2"]
[WhiteElo "2326"]
[BlackElo "2432"]
[PlyCount "90"]
[EventDate "2024.??.??"]

1. e4 {2} e5 {4} 2. Nf3 {8} Nc6 {3} 3. Bc4 {28} Nf6 {6} 4. d3 {41} Bc5 {6} 5.
Nc3 {85} a6 {27} 6. a4 {93} d6 {104} 7. Be3 {119} Bxe3 {322} 8. fxe3 {6} Be6 {
26} 9. Nd2 {50} O-O {190} 10. O-O {16} Nb4 {93} 11. h3 {110} Qd7 {268} 12. a5 {
266} Rad8 {661} 13. Rf2 {496} d5 {239} 14. exd5 {299} Nfxd5 {25} 15. Bxd5 {411}
Nxd5 {36} 16. e4 {932} Nxc3 {477} 17. bxc3 {129} Qc6 {498} 18. c4 b5 {85} 19.
axb6 {203} Qxb6 {22} 20. Qb1 {324} Qa7 {688} 21. Qa2 {163} Rd6 {142} 22. Qa5 {
73} f6 {170} 23. Nb3 {113} Rc6 {202} 24. Qe1 {218} f5 {323} 25. Kh2 {350} Rf6 {
570} 26. exf5 {283} Bxf5 {5} 27. Ra5 {63} Bg6 {310} 28. Rxf6 gxf6 {473} 29. Rd5
{14} Re6 {367} 30. Rd8+ {194} Re8 {35} 31. Rxe8+ {76} Bxe8 {3} 32. d4 {28} Qb6
{268} 33. dxe5 {57} fxe5 {2} 34. Qxe5 {153} Qd6 {2} 35. Qxd6 {48} cxd6 {4} 36.
Kg3 {47} Bg6 {85} 37. c3 {109} Kf7 {88} 38. Kf4 {16} Bc2 {105} 39. Na5 {59} Ke6
{91} 40. Ke3 {203} Bd1 {171} 41. g4 {118} Kf6 {448} 42. Kf4 {1007} Be2 {110}
43. Ke3 {487} Bd1 {27} 44. Kf4 {122} Be2 {6} 45. Ke3 {66} Ke5 {18} 1/2-1/2

[Event "Top 16 Groupe A"]
[Site "CHARTRES, France"]
[Date "2024.05.31"]
[Round "2.9"]
[White "Travadon, Loic"]
[Black "Lupulescu, Constantin"]
[Result "1/2-1/2"]
[WhiteElo "2445"]
[BlackElo "2588"]
[PlyCount "29"]
[EventDate "2024.??.??"]

1. d4 {2} Nf6 {8} 2. Bf4 {10} d5 {8} 3. e3 {7} c5 {68} 4. Nc3 {24} a6 {265} 5.
dxc5 {18} Nc6 {124} 6. Nf3 {50} e6 {499} 7. Na4 {412} Nd7 {714} 8. c4 {330}
Nxc5 {252} 9. Nxc5 {83} Bxc5 {51} 10. a3 {137} d4 {749} 11. b4 {231} Ba7 {200}
12. exd4 {309} Nxd4 {133} 13. Be5 {24} Nxf3+ {120} 14. Qxf3 {7} Qg5 {237} 15.
Qg3 {339} 1/2-1/2

[Event "Top 16 Groupe A"]
[Site "CHARTRES, France"]
[Date "2024.05.31"]
[Round "2.10"]
[White "Parligras, Mircea-Emilian"]
[Black "Willems, Niels"]
[Result "0-1"]
[WhiteElo "2560"]
[BlackElo "2328"]
[PlyCount "140"]
[EventDate "2024.??.??"]

1. d4 {3} Nf6 {7} 2. c4 {5} e6 {5} 3. Nf3 {14} d5 {5} 4. Nc3 {5} c5 {8} 5. cxd5
{34} Nxd5 {7} 6. e4 {50} Nxc3 {5} 7. bxc3 {4} cxd4 {6} 8. cxd4 {6} Bb4+ {4} 9.
Bd2 {11} Bxd2+ {5} 10. Qxd2 {6} O-O {11} 11. Bc4 {79} Nd7 {22} 12. O-O {36} b6
{9} 13. Rad1 {26} Bb7 {9} 14. Rfe1 {8} Nf6 {193} 15. Qd3 {1136} Rc8 {145} 16.
Nd2 {285} Qc7 {172} 17. f3 {599} Rfd8 {175} 18. Bb3 {20} h6 {1305} 19. Nf1 {201
} Qc3 {272} 20. Qxc3 {386} Rxc3 {10} 21. Ne3 {66} Kf8 {208} 22. Kf2 {551} Ne8 {
534} 23. Re2 {280} Nd6 {342} 24. d5 {242} exd5 {310} 25. Bxd5 {108} Bxd5 {303}
26. Rxd5 {71} Nb7 {72} 27. Rxd8+ {849} Nxd8 {4} 28. Rd2 {10} Ne6 {214} 29. Nf5
{52} h5 {91} 30. h4 {175} g6 {141} 31. Ne3 {73} Ra3 {170} 32. Nd5 {99} Nc5 {55}
33. Ke2 {68} Na4 {497} 34. Rc2 {42} Nc5 {2} 35. Nc3 {328} Ne6 {107} 36. Kd2 {
204} Nf4 {72} 37. g3 {22} Ne6 {5} 38. Rb2 {176} Kg7 {921} 39. Rb4 {40} Ra5 {109
} 40. a4 {45} Rc5 {70} 41. Kd3 {626} Rc7 {151} 42. Rc4 {11} Rd7+ {307} 43. Ke3
{14} a5 {892} 44. f4 {339} Rb7 {77} 45. Rc6 {409} Nc7 {170} 46. Nb5 {70} Nxb5 {
214} 47. axb5 {2} a4 {45} 48. Kd3 {13} a3 {56} 49. Kc2 {7} a2 {22} 50. Kb2 {4}
Ra7 {2} 51. Ka1 {8} Ra3 {36} 52. Rxb6 {7} Rxg3 {5} 53. Rc6 {212} Re3 {72} 54.
b6 {431} Rxe4 {12} 55. Rc2 {128} Re8 {99} 56. Kxa2 {14} Kf6 {18} 57. Ka3 {144}
Rb8 {20} 58. Rb2 {10} Kf5 {4} 59. Ka4 {38} Kxf4 {21} 60. Kb5 {2} Kg3 {65} 61.
Rb4 {37} f5 {103} 62. Kc6 {52} f4 {1} 63. Kc7 {19} Rf8 {1} 64. b7 {11} f3 {27}
65. b8=Q {75} Rxb8 66. Rxb8 {10} f2 {13} 67. Rf8 {7} Kg2 {21} 68. Kd6 {3} f1=Q
{11} 69. Rxf1 Kxf1 {7} 70. Ke5 {3} Kg2 {6} 0-1

[Event "Top 16 Groupe A"]
[Site "CHARTRES, France"]
[Date "2024.05.31"]
[Round "2.11"]
[White "Dumas, Charles"]
[Black "Karthik Venkataraman"]
[Result "0-1"]
[WhiteElo "2256"]
[BlackElo "2605"]
[PlyCount "92"]
[EventDate "2024.??.??"]

1. e4 {2} e5 {10} 2. Nf3 {28} Nc6 {6} 3. Nc3 {11} Nf6 {51} 4. d4 {19} Bb4 {17}
5. Nxe5 {149} Qe7 {8} 6. Qd3 {118} Nxe5 {95} 7. dxe5 {6} Qxe5 {5} 8. Bd2 {109}
Qe7 {82} 9. O-O-O {300} O-O {31} 10. Re1 {587} d6 {118} 11. Qg3 {1137} Re8 {216
} 12. Bd3 {161} c6 {311} 13. Kb1 {246} Ba5 {849} 14. f4 {142} Bc7 {81} 15. Ne2
{361} a5 {292} 16. Nd4 {88} a4 {97} 17. Bc3 {185} Ba5 {485} 18. Nf5 {772} Bxf5
{63} 19. exf5 {10} Qd8 {4} 20. Rxe8+ {102} Nxe8 {11} 21. Bxa5 {363} Qxa5 {83}
22. a3 {43} Nf6 {7} 23. Re1 {201} Kf8 {24} 24. Re2 {29} Qc5 {40} 25. Qe3 {177}
Qxe3 {179} 26. Rxe3 {3} d5 {15} 27. Kc1 {157} b5 {127} 28. Kd2 {62} Rb8 {2} 29.
c3 {123} Re8 {116} 30. Rxe8+ {472} Kxe8 {9} 31. Be2 {36} Ke7 {493} 32. Ke3 {9}
Kd6 {7} 33. g3 {44} Kc5 {8} 34. Kd3 {106} Ne4 {249} 35. Bh5 {91} Nd6 {146} 36.
Kc2 {30} f6 {32} 37. g4 {29} Nc4 {46} 38. h3 {16} Ne3+ {28} 39. Kd2 {45} Ng2 {
793} 40. Be8 {28} Nxf4 {3} 41. h4 {103} Ng2 {42} 42. h5 {220} h6 {28} 43. Bd7 {
71} Nf4 {22} 44. Be8 {42} Nh3 {11} 45. Ke3 {13} Ng5 {5} 46. Kd3 {150} Nf3 {24}
0-1

[Event "Top 16 Groupe A"]
[Site "CHARTRES, France"]
[Date "2024.05.31"]
[Round "2.15"]
[White "Joslin, Jerome"]
[Black "Sochacki, Christophe"]
[Result "0-1"]
[WhiteElo "2003"]
[BlackElo "2449"]
[PlyCount "38"]
[EventDate "2024.??.??"]

1. d4 {2} d5 {259} 2. c4 {19} e5 {28} 3. dxe5 {57} d4 {6} 4. Nf3 {51} Nc6 {11}
5. a3 {14} g6 {35} 6. g3 {190} Bg7 {44} 7. Bg2 {133} Nxe5 {62} 8. Nbd2 {345}
Nxf3+ {238} 9. Bxf3 {83} Ne7 {273} 10. Nb3 {394} O-O {144} 11. O-O {203} Bh3 {
58} 12. Bxb7 {698} Bxf1 {1018} 13. Bxa8 {237} Bxe2 {77} 14. Qxe2 {17} d3 {379}
15. Qe4 {646} Qxa8 {19} 16. Qxd3 {470} Nf5 {52} 17. Qc2 {1177} Qf3 {785} 18.
Bd2 {219} Bd4 {426} 19. Bc3 {525} Ne3 {59} 0-1

[Event "Top 16 Groupe A"]
[Site "CHARTRES, France"]
[Date "2024.05.31"]
[Round "2.16"]
[White "Wirig, Anthony"]
[Black "Joslin, Adeline"]
[Result "1-0"]
[WhiteElo "2453"]
[BlackElo "1713"]
[PlyCount "43"]
[EventDate "2024.??.??"]

1. b3 {29} d5 {65} 2. Bb2 {8} Nf6 {165} 3. Nf3 {128} Bf5 {336} 4. g3 {43} Nbd7
{53} 5. Bg2 {33} c5 {470} 6. d3 {161} Qc7 {386} 7. Nbd2 {310} e5 {608} 8. O-O {
146} Bd6 {70} 9. e4 {315} dxe4 {313} 10. dxe4 {73} Bg4 {197} 11. Nc4 {547} Be7
{1352} 12. Ncxe5 {133} Nxe5 {50} 13. Bxe5 {6} Qxe5 {417} 14. Nxe5 {9} Bxd1 {4}
15. Raxd1 {138} Rd8 {97} 16. Rxd8+ {33} Bxd8 {15} 17. Nc4 {6} b6 {164} 18. e5 {
20} Nd7 {148} 19. Rd1 {15} Ke7 {86} 20. f4 {57} Bc7 {70} 21. Ne3 {14} g6 {142}
22. Nd5+ {9} 1-0

[Event "Top 16 Groupe A"]
[Site "Chartres, France"]
[Date "2024.05.31"]
[Round "2.17"]
[White "Pichot, Alan"]
[Black "Amin, Bassem"]
[Result "1-0"]
[WhiteElo "2635"]
[BlackElo "2682"]
[PlyCount "69"]
[EventDate "2024.??.??"]

1. e4 {57} e5 {59} 2. Nf3 {8} Nc6 {6} 3. Bc4 {26} Bc5 {59} 4. d3 {23} Nf6 {44}
5. c3 {37} a6 {123} 6. O-O {1} d6 {66} 7. Bg5 {97} h6 {45} 8. Bh4 {8} Ba7 {296}
9. a4 {75} Qe7 {69} 10. Nbd2 {44} g5 {162} 11. Bg3 {16} Nh7 {182} 12. b4 {75}
Nf8 {130} 13. b5 {39} Na5 {43} 14. Bd5 {56} c6 {51} 15. Ba2 {242} Ng6 {35} 16.
Kh1 {137} h5 {492} 17. h4 {58} gxh4 {237} 18. Bh2 {12} Bb6 {1987} 19. Qb1 {452}
Rb8 {54} 20. d4 {538} h3 {60} 21. g3 {381} O-O {349} 22. Nh4 {990} Qf6 {225}
23. f4 {761} Nxh4 {30} 24. gxh4 {67} exd4 {41} 25. f5 {449} dxc3 {157} 26. Nf3
{271} cxb5 {138} 27. Ng5 {363} b4 {388} 28. Qd1 {216} b3 {10} 29. Bxb3 {405}
Nxb3 {12} 30. Qxb3 {10} Bc5 {143} 31. Rg1 {24} Kh8 {237} 32. Qd1 {46} Qh6 {6}
33. Bf4 {44} c2 {221} 34. Qf3 {97} Bxg1 {148} 35. Rxg1 {44} 1-0

[Event "Top 16 Groupe A"]
[Site "Chartres, France"]
[Date "2024.05.31"]
[Round "2.18"]
[White "Van Wely, Loek"]
[Black "Ter-Sahakyan, Samvel"]
[Result "1/2-1/2"]
[WhiteElo "2607"]
[BlackElo "2650"]
[PlyCount "149"]
[EventDate "2024.??.??"]

1. d4 {4} Nf6 {57} 2. c4 {7} e6 {13} 3. g3 {7} d5 {243} 4. Bg2 {14} Bb4+ {210}
5. Nd2 {10} O-O {135} 6. Ngf3 {39} b6 {85} 7. O-O {128} Bb7 {12} 8. Ne5 {485}
Nc6 {611} 9. cxd5 {528} Nxe5 {662} 10. dxe5 {23} Nxd5 {3} 11. Nf3 {574} Be7 {
194} 12. a3 {524} b5 {917} 13. Qd4 {57} h5 {195} 14. g4 {486} c5 {1629} 15. Qe4
{27} Qa5 {137} 16. Ng5 {560} Bxg5 {56} 17. Bxg5 {14} Qa4 {46} 18. Qxa4 {847}
bxa4 {4} 19. gxh5 {9} Ba6 {370} 20. Rfe1 {485} Rab8 {32} 21. e4 {183} Nb6 {44}
22. Be7 {173} Rfc8 {27} 23. Bd6 {289} Rb7 {9} 24. Rac1 {8} Bd3 {132} 25. Re3 {
122} c4 {11} 26. f4 {28} Kh7 {138} 27. Bf3 {176} Rd8 {68} 28. Bb4 {49} Nd7 {119
} 29. Be2 {11} Bxe2 {57} 30. Rxe2 {4} Nb6 {4} 31. Bd6 {88} Rc8 {77} 32. Rc3 {85
} Rd7 {65} 33. Rg2 {99} Rdd8 {26} 34. Kf2 {64} Rc6 {33} 35. Rcg3 {45} Rg8 {9}
36. Ke2 {131} a5 {49} 37. Be7 {33} Rcc8 {34} 38. Kd2 {36} Nd7 {27} 39. Kc3 {68}
Rb8 {5} 40. Kc2 {40} Rb3 {40} 41. Rd2 {303} Rb7 {158} 42. Bd6 {34} Rb3 {102}
43. Rc3 {601} Rc8 {334} 44. Rg2 {172} Kh6 {321} 45. f5 {103} Re8 {694} 46. fxe6
{315} Rxe6 {237} 47. Rxc4 {10} Nxe5 {8} 48. Rxa4 {215} Rb7 {110} 49. Bf8 {123}
f6 {13} 50. Kb1 {194} Re8 51. Bd6 {25} Re6 {37} 52. Bf8 {61} Re8 {25} 53. Bc5 {
51} Nc6 {10} 54. Be3+ {98} Kxh5 {8} 55. Rc2 {8} Re6 {21} 56. Rc5+ {48} g5 {4}
57. Bd2 {17} Kg6 {49} 58. Be1 {47} Ne5 {47} 59. Rcxa5 {56} Nf3 {5} 60. Bg3 {22}
Nd2+ {3} 61. Kc2 {33} Nxe4 {8} 62. Ra6 {6} Ree7 {72} 63. Rb4 {43} Rxb4 {41} 64.
axb4 {2} Rb7 {9} 65. Be1 {48} Rh7 {5} 66. Kd3 {34} Rxh2 {16} 67. Re6 {27} Nf2+
{23} 68. Kc4 {26} Ng4 {38} 69. Bc3 {36} Kf5 {9} 70. Re8 {35} Ne5+ {78} 71. Kd5
{8} g4 {71} 72. b5 {13} g3 {24} 73. Bxe5 {77} fxe5 {12} 74. Rxe5+ {23} Kf4 {34}
75. Re1 {38} 1/2-1/2

[Event "Top 16 Groupe A"]
[Site "Chartres, France"]
[Date "2024.05.31"]
[Round "2.19"]
[White "Fedorchuk, Sergey A"]
[Black "Van Foreest, Jorden"]
[Result "1/2-1/2"]
[WhiteElo "2546"]
[BlackElo "2664"]
[PlyCount "118"]
[EventDate "2024.??.??"]

1. e4 {2} c5 {37} 2. Nf3 {52} Nc6 {36} 3. Bb5 {178} g6 {27} 4. Bxc6 {93} dxc6 {
12} 5. d3 {97} Qc7 {28} 6. Nbd2 {544} e5 {15} 7. Nc4 {40} b5 {34} 8. Ne3 {30}
f5 {7} 9. c4 {63} f4 {796} 10. Nf1 {105} Nh6 {310} 11. Qc2 {287} Nf7 {84} 12.
N1d2 {456} a6 {228} 13. b3 {110} Be7 {66} 14. Bb2 {38} g5 {197} 15. h3 {61} Be6
{100} 16. cxb5 {606} axb5 {6} 17. a4 {4} Qd6 {209} 18. Ke2 {475} O-O {68} 19.
Rhc1 {208} h5 {1031} 20. Ba3 {97} g4 {6} 21. hxg4 {37} hxg4 {5} 22. Nh2 {108}
b4 {1426} 23. Bb2 {43} Kg7 {18} 24. Rh1 {257} Rh8 {9} 25. Rag1 {29} Bf6 {227}
26. Nc4 {396} Qc7 {25} 27. Nf1 {135} Rad8 {23} 28. Nfd2 {108} Bc8 {39} 29. Qb1
{122} Ba6 {25} 30. Rxh8 {650} Nxh8 {4} 31. f3 {7} g3 {58} 32. Rh1 {5} Nf7 {109}
33. Qa1 {182} Qd7 {5} 34. Qb1 {3} Kg6 {428} 35. Ba1 {137} Qc8 {268} 36. Qg1 {
106} Qd7 {118} 37. Qb1 {5} Qe7 {66} 38. Bb2 {340} Re8 {8} 39. Qa1 {38} Ng5 {8}
40. Kd1 {129} Qc7 {160} 41. Kc2 {57} Re7 {213} 42. Rd1 Re8 {215} 43. Rh1 {108}
Qg7 {8} 44. Nd6 {1048} Rh8 {247} 45. Rxh8 {272} Qxh8 {17} 46. Qg1 Ne6 {248} 47.
N2c4 {151} Nd4+ {113} 48. Bxd4 {7} cxd4 {2} 49. Kd2 {98} Bd8 {28} 50. Qc1 {131}
c5 {400} 51. Ke2 {113} Bc7 {60} 52. Nf5 {111} Qh2 {18} 53. Qf1 {11} Kf6 {15}
54. Ke1 {29} Bc8 {88} 55. Ke2 {5} Be6 {128} 56. Nd2 {28} Bf7 {164} 57. Nc4 {13}
Qh8 {61} 58. Qc1 {43} Qh2 {90} 59. Qf1 {5} Qh8 {5} 1/2-1/2

[Event "Chartres, France"]
[Site "Chartres, France"]
[Date "2024.05.31"]
[Round "2.22"]
[White "Tregubov, Pavel V"]
[Black "Hejazipour, Mitra"]
[Result "1-0"]
[WhiteElo "2562"]
[BlackElo "2376"]
[PlyCount "43"]
[EventDate "2024.??.??"]

1. Nf3 {18} Nf6 {32} 2. c4 {8} e6 {17} 3. Nc3 {6} d5 {13} 4. d4 {6} c6 {140} 5.
e3 {12} Nbd7 {41} 6. Bd3 {8} dxc4 {224} 7. Bxc4 {7} b5 {3} 8. Be2 {9} b4 {513}
9. Na4 {50} Qa5 {91} 10. O-O {520} c5 {426} 11. Bd2 {1073} Ba6 {1634} 12. b3 {
310} Bxe2 {699} 13. Qxe2 {7} Ne4 {485} 14. Rfc1 {1431} Nxd2 {193} 15. Qxd2 {20}
cxd4 {319} 16. Nxd4 {11} Qd5 {46} 17. e4 {639} Qb7 {129} 18. Rc2 {50} Nb6 {446}
19. Nxb6 {368} Qxb6 {15} 20. Nc6 {28} Rc8 {449} 21. Rd1 {21} Qc7 {34} 22. Nxa7
{77} 1-0

[Event "Top 16 Groupe A"]
[Site "Chartres, France"]
[Date "2024.05.31"]
[Round "2.25"]
[White "Esipenko, Andrey"]
[Black "Alonso Rosell, Alvar"]
[Result "1/2-1/2"]
[WhiteElo "2703"]
[BlackElo "2556"]
[PlyCount "67"]
[EventDate "2024.??.??"]

1. e4 {972} c5 {13} 2. Nf3 {20} d6 {5} 3. d4 {124} cxd4 {19} 4. Nxd4 {2} Nf6 {7
} 5. Nc3 {7} a6 {4} 6. Be2 {5} e5 {6} 7. Nb3 {4} Be7 {13} 8. O-O {105} O-O {17}
9. Re1 {15} Be6 {10} 10. Bf3 {16} Nbd7 {7} 11. a4 {21} Rc8 {14} 12. Be3 {156}
h5 {305} 13. h3 {613} g6 {68} 14. a5 {29} Nh7 {137} 15. Nd2 {187} Bg5 {1502}
16. Nf1 {29} Ndf6 {139} 17. Bb6 {402} Qd7 {55} 18. Ne3 {88} Bf4 {74} 19. Ne2 {
1282} Bh6 {268} 20. h4 {192} Kh8 {583} 21. Ra3 {89} Qe7 {624} 22. Nc3 {332} Rg8
{82} 23. Ncd5 {142} Bxd5 {293} 24. Nxd5 {14} Nxd5 {7} 25. Qxd5 {4} Rxc2 {58}
26. Rd3 {120} Rc6 {259} 27. Red1 {82} Rgc8 {492} 28. g3 {87} Nf6 {121} 29. Qb3
{5} Nd7 {505} 30. Ba7 {20} Nf6 {199} 31. Kg2 {41} Kg8 {162} 32. Bb6 {72} Nd7 {
20} 33. Ba7 {11} Nf6 {17} 34. Bb6 {176} 1/2-1/2

[Event "Top 16 Groupe A"]
[Site "Chartres, France"]
[Date "2024.05.31"]
[Round "2.27"]
[White "Movsesian, Sergei"]
[Black "Ramirez Garcia, Jorge Alberto"]
[Result "1-0"]
[WhiteElo "2618"]
[BlackElo "2266"]
[PlyCount "143"]
[EventDate "2024.??.??"]

1. Nf3 {6} d5 {314} 2. g3 {5} c6 {79} 3. Bg2 {45} g6 {81} 4. c4 {41} Bg7 {71}
5. O-O {248} Nf6 {89} 6. d4 {79} O-O {14} 7. Qa4 {20} Ne4 {608} 8. Bf4 {202} b5
{329} 9. cxb5 {20} cxb5 {8} 10. Qb3 {302} Nc6 {552} 11. Qxb5 {882} Nxd4 {10}
12. Nxd4 {5} Bxd4 {18} 13. Nc3 {31} Bxc3 {700} 14. bxc3 {83} Be6 {826} 15. Qb4
{1659} Rc8 {320} 16. Rac1 {35} Rc4 {112} 17. Qa3 {112} Qd7 {169} 18. Be5 {390}
Nd2 {160} 19. Rfd1 {188} Ra4 {32} 20. Qc5 {30} Rc8 {109} 21. Qe3 {114} Nc4 {33}
22. Qf4 {4} Nxe5 {532} 23. Qxe5 {12} Qc7 {43} 24. Qe3 {163} Rxa2 {96} 25. Bxd5
{76} Bxd5 {11} 26. Rxd5 {3} Qc4 {528} 27. Re5 {177} e6 {40} 28. Re4 {51} Qc5 {
171} 29. Rxe6 {127} Qxe3 {223} 30. Rxe3 {11} Kf8 {11} 31. Kg2 {111} Ra3 {49}
32. Rd3 {92} Rc4 {26} 33. Kf3 {120} h5 {14} 34. h4 {94} Ke7 {46} 35. Ke3 {32}
Rc6 {29} 36. Rc2 {109} Re6+ {28} 37. Kd2 {90} Rf6 {39} 38. f3 {80} Rb6 39. c4 {
41} Ra4 {27} 40. c5 {200} Rc6 {18} 41. e4 {73} Ra5 {423} 42. Rd5 {270} Rb5 {70}
43. Kd3 {114} a5 {7} 44. Rc3 {201} Rb1 {166} 45. Re5+ {415} Kd7 {206} 46. Kc2 {
348} Rb4 {388} 47. Rd3+ {116} Kc8 {97} 48. Kc3 {120} Rc7 {154} 49. g4 {714}
hxg4 {46} 50. fxg4 {1} f6 {66} 51. Re8+ {16} Kb7 {8} 52. Rd5 {13} Rb5 {317} 53.
Kd4 {123} Rb4+ {22} 54. Kd3 {36} a4 {70} 55. Rdd8 {14} Rb5 {170} 56. Ra8 {59}
Rbxc5 {36} 57. Reb8+ {81} Kc6 {12} 58. Rxa4 {19} Kd6 {127} 59. Rg8 {91} Ke5 {26
} 60. Re8+ {3} Kf4 {37} 61. e5+ {4} Kf3 {14} 62. exf6 {32} Rd5+ {47} 63. Rd4 {4
} Rxd4+ {7} 64. Kxd4 {7} Kxg4 {7} 65. Re7 {95} Rc1 {28} 66. Re4+ {50} Kh5 {66}
67. Ke5 {72} g5 {35} 68. hxg5 {20} Kg6 {42} 69. Rf4 {12} Rc7 {27} 70. Ke6 {28}
Rf7 {35} 71. Rf1 {22} Ra7 {29} 72. f7 {17} 1-0

[Event "Top 16 Groupe A"]
[Site "Chartres, France"]
[Date "2024.05.31"]
[Round "2.28"]
[White "De Balmann, Marc"]
[Black "Cornette, Matthieu"]
[Result "1/2-1/2"]
[WhiteElo "2148"]
[BlackElo "2568"]
[PlyCount "106"]
[EventDate "2024.??.??"]

1. Nf3 {3} Nf6 {155} 2. g3 {5} d5 {41} 3. Bg2 {9} e6 {22} 4. O-O {9} Be7 {28}
5. d3 {10} O-O {46} 6. Nbd2 {10} a5 {8} 7. e4 {67} a4 {8} 8. a3 {207} c5 {44}
9. e5 {30} Nfd7 {6} 10. Re1 {13} Nc6 {8} 11. Nf1 {26} Ra6 {110} 12. h4 {187} f6
{33} 13. exf6 {243} Nxf6 {56} 14. Bh3 {324} e5 {1200} 15. Bxc8 {211} Qxc8 {7}
16. Nxe5 {51} Nxe5 {109} 17. Rxe5 {7} Bd6 {6} 18. Re2 {328} Ng4 {710} 19. d4 {
1133} Kh8 {457} 20. Be3 {320} c4 {334} 21. c3 {363} Bc7 {571} 22. Qc2 {136} b5
{27} 23. Bg5 {421} Nf6 {181} 24. Bxf6 {306} Raxf6 {9} 25. Rae1 {18} h6 {171}
26. Kg2 {191} Qd7 {303} 27. Nh2 {82} Bd6 {137} 28. Qd2 {452} Qf5 {175} 29. Qc2
{113} Qh5 {168} 30. f4 Bxf4 {427} 31. gxf4 {27} Rxf4 {2} 32. Kh1 {126} Qxh4 {
180} 33. Qg6 {314} Qh3 {373} 34. Rg1 {91} Qd7 {199} 35. Qe6 {23} Qxe6 {34} 36.
Rxe6 {1} Rh4 {25} 37. Kg2 {39} Rf5 {22} 38. Re3 {103} g5 {99} 39. Rh3 {144}
Rxh3 {57} 40. Kxh3 {2} Kg7 {26} 41. Rf1 {95} Kg6 {52} 42. Rxf5 {698} Kxf5 {29}
43. Ng4 {163} h5 {34} 44. Ne5 {29} Kf4 {64} 45. Nd7 {91} g4+ {769} 46. Kg2 {35}
h4 {79} 47. Nf6 {143} h3+ {39} 48. Kh2 {285} Kf3 {174} 49. Nh5 {124} Kf2 {25}
50. Ng3 {26} Kf3 {11} 51. Nh5 {68} Kf2 {5} 52. Ng3 {4} Kf3 {3} 53. Nh5 {9} Ke4
{7} 1/2-1/2

[Event "Top 16 Groupe A"]
[Site "Chartres, France"]
[Date "2024.05.31"]
[Round "2.29"]
[White "Vaisser, Anatoly"]
[Black "Solakian-Van Eyll, Jerome"]
[Result "1-0"]
[WhiteElo "2450"]
[BlackElo "2247"]
[PlyCount "148"]
[EventDate "2024.??.??"]

1. d4 {3} d5 {61} 2. c4 {9} dxc4 {22} 3. e3 {14} Nf6 {43} 4. Bxc4 {9} e6 {12}
5. Nf3 {31} c5 {26} 6. O-O {58} Nc6 {32} 7. dxc5 {510} Qd4 {65} 8. Qd3 Qxd3 9.
Re1 {4} Qd1 10. Rxd1 Bxc5 {13} 11. b3 {75} b6 {609} 12. Bb2 {689} Bb7 {192} 13.
Nbd2 {32} Be7 {797} 14. Rac1 {412} O-O {211} 15. h3 {583} Rfd8 {210} 16. Be2 {
308} Rac8 {174} 17. a3 {287} Kf8 {336} 18. g4 {126} h6 {256} 19. Ne1 {373} Nb8
{300} 20. Nc4 {608} Rxd1 {903} 21. Rxd1 {26} Rd8 {206} 22. Nd3 {200} Ne4 {592}
23. Nce5 {830} Nc5 {457} 24. Nxc5 {145} Rxd1+ {5} 25. Bxd1 {7} Bxc5 {14} 26. b4
{57} Bd6 {90} 27. Nc4 {139} Bc7 {114} 28. f3 {204} Bd5 {357} 29. Be2 {31} b5 {
19} 30. Ne5 {97} a6 {47} 31. e4 {75} Bb6+ {14} 32. Kg2 {21} Bb3 {30} 33. h4 {
167} f6 {15} 34. Nd3 {27} Bc4 {13} 35. Nf4 {116} Bxe2 {81} 36. Nxe2 {1} Nc6 {2}
37. f4 {39} a5 {96} 38. bxa5 {28} Nxa5 {56} 39. Bd4 {15} Bc7 {48} 40. f5 {67}
Bd6 {30} 41. Nc3 {26} exf5 {50} 42. Nxb5 {15} Bxa3 {22} 43. Nxa3 {11} fxg4 {485
} 44. Bc3 {1080} Nb3 {452} 45. Kg3 {325} h5 {27} 46. Nc4 {94} Ke7 {422} 47. Kf4
{98} Ke6 {91} 48. Ke3 {78} Nc5 {93} 49. Bb4 {72} Nd7 {51} 50. Kf4 {27} Nb8 {270
} 51. Bc3 {90} Nc6 {29} 52. Ne3 {27} Kf7 {75} 53. e5 {104} fxe5+ {64} 54. Bxe5
{5} Nd8 {10} 55. Kg5 {33} g6 {42} 56. Ng2 {19} Nc6 {78} 57. Bc3 {30} Nd8 {45}
58. Nf4 {24} g3 {19} 59. Be1 {75} g2 {13} 60. Bf2 {97} Kg7 {38} 61. Nxg6 {29}
Nf7+ {46} 62. Kxh5 {4} Nd6 {34} 63. Nf4 {30} Ne4 {24} 64. Bd4+ {7} Kh7 {10} 65.
Nxg2 {11} Ng3+ {18} 66. Kg4 {10} Ne4 {14} 67. Nf4 {25} Nd6 {11} 68. Ne6 {23}
Nc4 {60} 69. Ng5+ {33} Kh6 {16} 70. Nf7+ {40} Kh7 {11} 71. Kh5 {57} Na5 {37}
72. Ng5+ {49} Kg8 {5} 73. Kg6 {28} Nc6 {10} 74. Bf6 {12} Nb8 {76} 1-0